| 000 | 00917nam a22003377a 4500 | ||
|---|---|---|---|
| 001 | 0006882 | ||
| 003 | KOHA_MİRAKIL | ||
| 005 | 20260207001537.0 | ||
| 007 | ta | ||
| 008 | 090812b1994 tu |||gr||||#0|||1|tur | | ||
| 040 |
_aTR-BiSEU _btur _cTR-BiSEU _erda |
||
| 041 | 0 | _atur | |
| 044 | _ctu | ||
| 050 |
_aPL248.M48 _bZ59 1994 |
||
| 100 | 1 | _aMetehan, Orhan. | |
| 245 | 1 |
_aZiya Gökalp ve din / _cOrhan Metehan ; Orhan Metehan. |
|
| 264 | 1 |
_aİstanbul : _bKamer Yayınları _c1994 |
|
| 300 | _a112 sayfa; 21 cm. | ||
| 336 |
_ametin _btxt _2rdacontent |
||
| 337 |
_aaracısız _bn _2rdamedia |
||
| 338 |
_acilt _bnc _2rdacarrier |
||
| 490 | 1 |
_aYayın ; _vnu. |
|
| 490 | 1 | _a53. | |
| 490 | 1 | _aZiya gökalp Belgeseli 1. | |
| 650 | 0 |
_aGökalp, Ziya. _916987 |
|
| 830 | 1 |
_aYayın ; _vnu. _91557 |
|
| 830 | 1 |
_a53. _916988 |
|
| 830 | 1 |
_aZiya gökalp Belgeseli 1. _916989 |
|
| 907 | _aRoman | ||
| 942 |
_2lcc _cBK |
||
| 999 |
_c6863 _d6863 |
||